Catalog

Record Details

Catalog Search



Available copies

  • 1 of 1 copy available at LARL/NWRL Consortium.

Current holds

0 current holds with 1 total copy.

Show Only Available Copies
Location Call Number / Copy Notes Barcode Shelving Location Status Due Date
Bagley Public Library M HAN (Text) 33500013903877 Main Available -

Record details

  • ISBN: 9781639104895
  • ISBN: 1639104895
  • Physical Description: 321 pages ; 22 cm.
  • Edition: First edition.
  • Publisher: New York : Crooked Lane, 2023.

Content descriptions

Summary, etc.:
"When Jan Frischof, a dying elderly man, gives a ... Read More
Subject: Women journalists > Denmark > Fiction.
Missing persons > Fiction.
Deception > Fiction.
Cold cases (Criminal investigation) > Fiction.
Denmark > Fiction.
Genre: Detective and mystery fiction.
Psychological fiction.
Thrillers (Fiction)
Novels.
LDR 03386cam a2200685Ii 4500
001420820
003LARL_NWRL_CONSORTIUM
00520231204222730.0
008231002t20232023nyu e 000 f eng d
040 . ‡aIMmBT ‡beng ‡erda ‡cFFL ‡dOCLCO ‡dJAS ‡dVP@ ‡dRNL ‡dYDX ‡dLIV ‡dCNWPU ‡dIL2 ‡dOCLCF ‡dOCLCO
019 . ‡a1362501556
020 . ‡a9781639104895 ‡q(hardcover)
020 . ‡a1639104895 ‡q(hardcover)
035 . ‡a(OCoLC)1401569609 ‡z(OCoLC)1362501556
041 . ‡aeng ‡hdan
043 . ‡ae-dk---
08204. ‡a839.813/8 ‡223/eng/20230927
1001 . ‡aHancock, Anne Mette, ‡d1979- ‡eauthor.
24010. ‡aUbarmhjertig. ‡lEnglish
24510. ‡aRuthless / ‡cAnne Mette Hancock.
250 . ‡aFirst edition.
264 1. ‡aNew York : ‡bCrooked Lane, ‡c2023.
264 4. ‡c©2023.
300 . ‡a321 pages ; ‡c22 cm.
336 . ‡atext ‡btxt ‡2rdacontent
337 . ‡aunmediated ‡bn ‡2rdamedia
338 . ‡avolume ‡bnc ‡2rdacarrier
4900 . ‡aKaldan and Scháfer ; ‡v3
520 . ‡a"When Jan Frischof, a dying elderly man, gives a deathbed confession too unbelievable to be true, journalist Heloise Kaldan immediately knows there’s a deeper story to uncover. Her gut soon proves to be right—Jan immediately backtracks and warns her that they will both be in danger if she asks any more questions. Could this kind and elderly man really be a cold-blooded killer? Heloise quickly realizes that this is a darker, and far more complicated, investigation. Jan is clearly afraid of something, but who or what he’s afraid of could be a dangerous question for Heloise to find the answer to. As she digs deeper, Heloise begins to see that Jan’s confession is connected to a string decades-old disappearances. But next of kin and police are lying to her at every turn, and she has no idea what else Jan could be hiding. Enlisting her friend, detective inspector Erik Schäfer, Heloise begins her descent into the past, unsure of what she will unearth" -- ‡cPublisher's description.
650 0. ‡aWomen journalists ‡zDenmark ‡vFiction.
650 0. ‡aMissing persons ‡vFiction. ‡0(LARL_NWRL_CONSORTIUM)165976
650 0. ‡aDeception ‡vFiction. ‡0(LARL_NWRL_CONSORTIUM)164560
650 0. ‡aCold cases (Criminal investigation) ‡vFiction. ‡0(LARL_NWRL_CONSORTIUM)171531
651 0. ‡aDenmark ‡vFiction. ‡0(LARL_NWRL_CONSORTIUM)168386
655 7. ‡aDetective and mystery fiction. ‡2lcgft
655 7. ‡aPsychological fiction. ‡2lcgft
655 7. ‡aThrillers (Fiction) ‡2lcgft
655 7. ‡aNovels. ‡2lcgft
901 . ‡a420820 ‡bOCoLC ‡c420820 ‡tbiblio ‡soclc

Additional Resources